Most Tennis ATP Points of all Time - Statistics

General Stats
  • This quiz has been taken 139 times
  • The average score is 16 of 20
Answer Stats
# Month/Year Points Accumulated Answer % Correct
1 June 2016 16,950 Novak Djokovic
100%
2 November 2006 15,903 Roger Federer
99%
3 April 2009 15,390 Rafael Nadal
97%
8 August 1995 10,739 Andre Agassi
96%
5 October 2024 11,920 Jannik Sinner
95%
4 November 2016 12,685 Andy Murray
94%
11 August 2023 9,815 Carlos Alcaraz
92%
6 August 1997 11,005 Pete Sampras
90%
7 September 2021 10,780 Daniil Medvedev
89%
10 August 2004 9,852 Andy Roddick
81%
17 August 2021 8,240 Alexander Zverev
76%
9 August 2002 9,890 Lleyton Hewitt
76%
12 September 2020 9,125 Dominic Thiem
75%
18 March 2001 8,170 Marat Safin
72%
14 October 2003 8,683 Juan Carlos Ferrero
68%
19 January 1996 8,164 Boris Becker
62%
16 August 2021 8,350 Stefanos Tsitsipas
61%
13 September 2001 9,025 Gustavo Kuerten
56%
15 October 1995 8,501 Thomas Muster
43%
20 October 1996 7,724 Michael Chang
40%
No matching quizzes found
Score Distribution
Percent of People with Each Score
Percentile by Number Answered
Your Score History
You have not taken this quiz